[Event "Tatry Open"]
[Site "Tatranske Zruby SVK"]
[Date "2000.10.11"]
[Round "5"]
[White "Volodin,V"]
[Black "Kostelny,J"]
[Result "1/2-1/2"]
[WhiteElo "2367"]
[BlackElo "2211"]

1.Nf3 Nf6 2.c4 g6 3.d4 Bg7 4.g3 O-O 5.Bg2 d6 6.O-O Nc6 7.Nc3 a6 8.b3 Rb8
9.e3 b5 10.Qc2 Na5 11.Rd1 c6 12.Rb1 bxc4 13.b4 Nd5 14.Bd2 Rxb4 15.Nxd5 Rxb1
16.Nxe7+ Qxe7 17.Rxb1 Qc7 18.Bxa5 Qxa5 19.Qxc4 Be6 20.Qxc6 Qxa2  1/2-1/2

[Event "FSIMB October"]
[Site "Budapest HUN"]
[Date "2000.10.12"]
[Round "6"]
[White "Nemeth,Z"]
[Black "Rajlich,V"]
[Result "1/2-1/2"]
[WhiteElo "2308"]
[BlackElo "2209"]

1.Nf3 Nf6 2.d4 g6 3.c4 Bg7 4.g3 O-O 5.Bg2 d6 6.O-O Nbd7 7.Qc2 e5 8.Rd1 Qe7
9.dxe5 Nxe5 10.Nxe5 dxe5 11.b3 Rd8 12.Ba3 Rxd1+ 13.Qxd1 Qe8 14.Nc3 c6 15.Qd2 Bf5
16.Rd1 e4 17.h3 h5 18.Bb2 Qe6 19.Qf4 Re8 20.e3 Nd7 21.Qd6 Qxd6 22.Rxd6 Nc5
23.Nd1 Bf8 24.Rd2 Nd3 25.Bc3 Ne1 26.Kf1 Nxg2 27.Kxg2 Be7 28.Bb2 Rd8 29.Rxd8+ Bxd8
30.Bd4 b6 31.Nc3 Be7 32.Be5 Bb4 33.g4 hxg4 34.hxg4 Bxc3 35.Bxc3 Bxg4 36.Kg3 Be2
37.Kf4 Bd3 38.Ke5 f5 39.Kd6 c5 40.a3 Kf7 41.Kc6 Ke6 42.Kb7 Kd7 43.Be5 Bc2
44.b4 Bb3 45.Kxa7 cxb4 46.axb4 Kc6 47.Bd4 Bxc4  1/2-1/2

[Event "ch-PER"]
[Site "Lima PER"]
[Date "2000.10.12"]
[Round "13"]
[White "Alarcon,Ru"]
[Black "Mansilla,J"]
[Result "1/2-1/2"]
[WhiteElo "2188"]
[BlackElo "2252"]

1.Nf3 Nf6 2.g3 g6 3.Bg2 Bg7 4.d4 O-O 5.c4 d6 6.Nc3 Nc6 7.d5 Na5 8.b3 c5 9.Bb2 a6
10.Qc2 Rb8 11.Nd2 b5 12.O-O e5 13.dxe6 Bxe6 14.cxb5 axb5 15.e4 Nc6 16.Nd5 Bxd5
17.exd5 Nb4 18.Qd1 Nd3 19.Bc3 b4 20.Bxf6 Qxf6 21.Qe2 Ne5 22.a4 bxa3 23.Rxa3 Rfe8
24.Ne4 Qe7 25.Qc2 f5 26.Nc3 Ng4 27.Nd1 Bd4 28.h3 Nf6 29.Ra6 Qe5 30.Kh2 f4
31.Qd3 Kh8 32.Qf3 fxg3+ 33.fxg3 Rf8 34.Ra2 Nd7 35.Qd3 Rxf1 36.Qxf1 Rxb3 37.Ra8+ Kg7
38.Ra7 Qxg3+ 39.Kh1 Be5 40.Rxd7+ Kh6 41.Qf8+ Kg5 42.Qe7+ Kf5 43.Qe6+ Kg5  1/2-1/2

[Event "3rd Int"]
[Site "Torshavn FAI"]
[Date "2000.10.14"]
[Round "9"]
[White "Baburin,A"]
[Black "Pedersen,St"]
[Result "1/2-1/2"]
[WhiteElo "2590"]
[BlackElo "2464"]

1.d4 Nf6 2.c4 g6 3.Nf3 Bg7 4.g3 O-O 5.Bg2 d6 6.O-O Nc6 7.Nc3 a6 8.b3 Rb8
9.Nd5 Nh5 10.Bb2 e6 11.Nc3  1/2-1/2

[Event "chT-SLO"]
[Site "Bled SLO"]
[Date "2000.10.15"]
[Round "2"]
[White "Velickovic,Z"]
[Black "Sebenik,M"]
[Result "1/2-1/2"]
[WhiteElo "2342"]
[BlackElo "2287"]

1.Nf3 Nf6 2.g3 g6 3.c4 Bg7 4.d4 d6 5.Bg2 O-O 6.O-O Nbd7 7.Nc3 e5 8.e4 a6
9.Re1 exd4 10.Nxd4 Ng4 11.h3 Qf6 12.Nf3 Nge5 13.Nxe5 Nxe5 14.Nd5 Qd8 15.Qe2 b5
16.cxb5 axb5 17.Rd1 c6 18.Nb4 c5 19.Nd3 Qc7 20.Nxe5 Bxe5 21.Be3 Bb7 22.Qxb5 Ba6
23.Qb3 Rfb8 24.Qd5 Bb7 25.Qc4 Ba6 26.Qd5  1/2-1/2

[Event "chT-SLO"]
[Site "Bled SLO"]
[Date "2000.10.17"]
[Round "4"]
[White "Velickovic,Z"]
[Black "Kastelic,M"]
[Result "1-0"]
[WhiteElo "2342"]
[BlackElo "2358"]

1.Nf3 Nf6 2.g3 g6 3.c4 Bg7 4.d4 O-O 5.Bg2 d6 6.O-O c5 7.Nc3 Nc6 8.dxc5 dxc5
9.Bf4 Be6 10.Ne5 Na5 11.Qa4 Nd7 12.Nd3 g5 13.Bxg5 Nxc4 14.Rac1 Nd6 15.Nf4 Bc4
16.Rfd1 b5 17.Qc2 f6 18.Bh4 Rb8 19.Ncd5 Bh6 20.Ne6 Qe8 21.e3 Kh8 22.Nxf8 Bxf8
23.b3 Bxd5 24.Rxd5 c4 25.bxc4 bxc4 26.Bh3 Ne5 27.Rxd6 exd6 28.Bxf6+ Bg7 29.Bxe5 Qxe5
30.Qxc4 Rf8 31.Rc2 Rb8 32.Be6 Re8 33.Bd5 h6 34.Kg2 Bf6 35.Qd3 a5 36.Rc4 Rf8
37.Qe4 Qb2 38.Rc2 Qb5 39.Rc7 Bg7 40.Rxg7 Kxg7 41.Qe7+  1-0

[Event "chT-SLO"]
[Site "Bled SLO"]
[Date "2000.10.19"]
[Round "6"]
[White "Mikhalchishin,A"]
[Black "Cigan,S"]
[Result "1-0"]
[WhiteElo "2544"]
[BlackElo "2345"]

1.Nf3 Nf6 2.d4 g6 3.c4 Bg7 4.g3 O-O 5.Bg2 d6 6.O-O c5 7.b3 Nc6 8.Bb2 Bf5
9.d5 Na5 10.Nbd2 e5 11.dxe6 Bxe6 12.Ng5 d5 13.Nxe6 fxe6 14.Qc2 d4 15.Ne4 Nd7
16.Rad1 Nc6 17.Bc1 Qc7 18.h4 Rae8 19.Bh3 Nb4 20.Qb1 Nf6 21.Bg2 Nxe4 22.Bxe4 Bf6
23.Kg2 Nc6 24.Rh1 Rf7 25.h5 gxh5 26.Rxh5 Ree7 27.Bxh7+ Rxh7 28.Qg6+ Rhg7
29.Qxf6  1-0

[Event "22nd Open"]
[Site "Arco ITA"]
[Date "2000.10.22"]
[Round "2"]
[White "Drasko,M"]
[Black "Roos,M GER"]
[Result "1-0"]
[WhiteElo "2485"]
[BlackElo "2244"]

1.d4 Nf6 2.c4 g6 3.Nf3 Bg7 4.g3 O-O 5.Bg2 d6 6.O-O Nc6 7.Nc3 a6 8.Bd2 e5
9.d5 Nd4 10.Ne1 Re8 11.Rc1 Bd7 12.e3 Nf5 13.e4 Nd4 14.Nd3 c5 15.dxc6 bxc6
16.c5 Be6 17.b3 Nd7 18.cxd6 Qb8 19.Ne2 Qxd6 20.Nxd4 exd4 21.Bb4 Qc7 22.f4 Qb6
23.f5 gxf5 24.exf5 Bd5 25.Bc5 Nxc5 26.Rxc5 Bxg2 27.Kxg2 Bf6 28.Qg4+ Kh8 29.Qh5 Ra7
30.Rfc1 Rc7 31.Qh6 Bg7 32.Qh4 h6 33.f6 Bf8 34.Rh5 Kh7 35.Rcc5 Re2+ 36.Kg1 Qb8
37.Nf4 Rxa2 38.Rxh6+ Bxh6 39.Qxh6+  1-0

[Event "22nd Open"]
[Site "Arco ITA"]
[Date "2000.10.26"]
[Round "6"]
[White "Drasko,M"]
[Black "Rotstein,A"]
[Result "1-0"]
[WhiteElo "2485"]
[BlackElo "2492"]

1.d4 Nf6 2.c4 g6 3.Nf3 Bg7 4.g3 O-O 5.Bg2 d6 6.O-O Nbd7 7.Qc2 e5 8.Rd1 Re8
9.e4 c6 10.Nc3 Qe7 11.b3 a5 12.Rb1 exd4 13.Nxd4 Nc5 14.f3 Nfd7 15.Nce2 Ne5
16.h3 Qc7 17.a3 Qb6 18.Be3 Qa6 19.f4 Ned7 20.Bf2 Nf6 21.Nc3 h5 22.b4 axb4
23.axb4 Ne6 24.Nf3 h4 25.Nxh4 Nh5 26.Bf1 c5 27.Nb5 Nd4 28.Qd3 Nxb5 29.cxb5 Qa2
30.Rd2 Qa4 31.Qxd6 cxb4 32.Nxg6 fxg6 33.Qxg6 Nf6 34.e5 Rf8 35.exf6  1-0

[Event "34th Olympiad"]
[Site "Istanbul TUR"]
[Date "2000.10.29"]
[Round "2"]
[White "Kastanieda,G"]
[Black "Omolo,K"]
[Result "1-0"]
[WhiteElo "2457"]
[BlackElo "2053"]

1.d4 Nf6 2.Nf3 g6 3.c4 Bg7 4.g3 O-O 5.Bg2 d6 6.O-O Nbd7 7.Nc3 c6 8.e4 e5
9.h3 h6 10.Be3 Qe7 11.Re1 Kh7 12.Qc2 Re8 13.Rad1 Nf8 14.b4 N8d7 15.a3 Ng8
16.Kh2 Qd8 17.dxe5 dxe5 18.c5 Qc7 19.Nd2 Nf8 20.Nc4 Be6 21.Nd6 Red8 22.f4 exf4
23.Bxf4 Qe7 24.Nd5 Qd7 25.Ne3 Qe7 26.Nef5 gxf5 27.exf5 Kh8 28.fxe6 fxe6 29.Rf1 Nh7
30.Rde1 Rf8 31.Qc4 e5 32.Bc1 Rf6 33.Nf7+ Rxf7 34.Rxf7 Qe8 35.Rxb7 Ngf6 36.Rf7 Nd5
37.b5  1-0

[Event "Chigorin Mem"]
[Site "St Petersburg RUS"]
[Date "2000.10.31"]
[Round "1"]
[White "Poliakov,A"]
[Black "Purtov,A"]
[Result "1-0"]
[WhiteElo "2270"]
[BlackElo "2450"]

1.d4 Nf6 2.Nf3 g6 3.c4 Bg7 4.g3 O-O 5.Bg2 d6 6.O-O Nc6 7.d5 Na5 8.Nfd2 c5
9.Nc3 a6 10.Qc2 Rb8 11.b3 e5 12.Bb2 b5 13.Rae1 Ng4 14.h3 Nh6 15.Nd1 Nf5 16.e3 Bd7
17.Bc3 Qc7 18.Kh2 Rfe8 19.g4 Nh4 20.f4 f5 21.Nf2 Nxg2 22.Kxg2 Re7 23.fxe5 dxe5
24.d6 Qxd6 25.Bxa5 Bc6+ 26.e4 b4 27.Nf3 Rf7 28.Ng5 Rff8 29.Qd3 Qe7 30.Nf3 Bh6
31.Rd1 fxe4 32.Nxe4 Rf4 33.Rde1 Rbf8 34.Kg1 Qb7 35.Nfd2 Qe7 36.Bb6 Qh4 37.Bxc5 Rd8
38.Qe2 Qxh3 39.Rxf4 Bxf4 40.Nf1 Qh4  1-0

[Event "34th Olympiad"]
[Site "Istanbul TUR"]
[Date "2000.11.02"]
[Round "6"]
[White "Belli,M"]
[Black "Sharavdorj,D"]
[Result "1-0"]
[WhiteElo "2393"]
[BlackElo "2448"]

1.d4 Nf6 2.Nf3 g6 3.g3 Bg7 4.c4 O-O 5.Bg2 d6 6.Nc3 Nbd7 7.O-O e5 8.e4 exd4
9.Nxd4 Re8 10.h3 Nc5 11.Re1 a5 12.Rb1 h6 13.b3 Bd7 14.a3 Qc8 15.Kh2 Re5 16.g4 Re8
17.f3 h5 18.g5 Nh7 19.Be3 c6 20.Qd2 Qc7 21.Kh1 Qc8 22.Kh2 Qc7 23.Kh1 Qc8
24.Kh2 Be5+ 25.f4 Bg7 26.b4 axb4 27.axb4 Ne6 28.Nde2 Qc7 29.Kh1 Nef8 30.Red1 Be6
31.Qd3 Qc8 32.Kh2 Ra3 33.Bd4 f6 34.gxf6 Nxf6 35.Ra1 Rxa1 36.Rxa1 Qc7 37.Rc1 Qf7
38.Nd1 d5 39.cxd5 cxd5 40.exd5 Nxd5 41.Bxg7 Kxg7 42.Ndc3 Nf6 43.Nb5 Bf5 44.Qd2 Re7
45.Nd6 Qe6 46.Nd4 Qd7 47.N4xf5+ gxf5 48.Rc5 Kh7 49.Rb5 Qe6 50.Nxf5 Rf7 51.Qd3 Kh8
52.Nh4 Qe7 53.Qc3 Rg7 54.Nf5 Rxg2+ 55.Kxg2 Qe2+ 56.Kg1 Nd7 57.Rxb7 Qd1+ 58.Kf2 Kg8
59.Qc4+ Kf8 60.Qe2 Ne4+ 61.Qxe4 Qd2+ 62.Kg3 h4+ 63.Nxh4  1-0

[Event "34th Olympiad"]
[Site "Istanbul TUR"]
[Date "2000.11.04"]
[Round "7"]
[White "Kastanieda,G"]
[Black "El Taher,F"]
[Result "1/2-1/2"]
[WhiteElo "2457"]
[BlackElo "2485"]

1.d4 Nf6 2.Nf3 g6 3.c4 Bg7 4.g3 O-O 5.Bg2 d6 6.O-O c5 7.dxc5 dxc5 8.Nc3 Nc6
9.Be3 Be6 10.Bxc5 Qa5 11.Be3 Bxc4 12.Nd4  1/2-1/2

[Event "Chigorin Mem"]
[Site "St Petersburg RUS"]
[Date "2000.11.04"]
[Round "4"]
[White "Yashtylov,A"]
[Black "Ershova,S"]
[Result "1-0"]
[WhiteElo "2314"]
[BlackElo "2264"]

1.d4 Nf6 2.c4 g6 3.Nf3 Bg7 4.g3 d6 5.Bg2 O-O 6.O-O Nbd7 7.Nc3 e5 8.h3 c6
9.e4 Re8 10.Re1 Qb6 11.b3 exd4 12.Na4 Qa5 13.Bd2 Qd8 14.Nxd4 Nxe4 15.Bf4 Ndc5
16.Nxc5 Nxc5 17.Rxe8+ Qxe8 18.Qd2 Be5 19.Re1 Bd7 20.Bh6 Qc8 21.Nf3 Bxh3 22.Nxe5 dxe5
23.Rxe5 Bxg2 24.Kxg2 Ne6 25.Qd6 Qe8 26.Bg5 Kg7 27.Re1 h6 28.Qe5+ Kh7 29.Bxh6 Qh8
30.Bf4 Nxf4+ 31.Qxf4 Qf8 32.Qc7 Re8 33.Rxe8 Qxe8 34.Qxb7 a5 35.Qa7 Qe4+ 36.Kh2 Qf5
37.Qd4 c5 38.Qe3 Kg8 39.Kg2 Qc8 40.Qe4 Kg7 41.Qe5+ Kg8 42.Qd6 Qb7+ 43.Kh2 Qb4
44.Qd7 Kg7 45.Kg2 Kf6 46.Qd6+ Kg7 47.Qe5+ Kg8 48.Kf3 Qb6 49.Qe8+ Kg7 50.Qb5 Qc7
51.Kg2 g5 52.Qe8 Qb7+ 53.Kh2 f6 54.Qe6 Kg6 55.Kg1 Qc7 56.Qe4+ Kg7 57.Kg2 Qd7
58.Qd5 Qe7 59.Kf3 Qc7 60.Qe6 Qb7+ 61.Kg4 Qh1 62.f3 Qh2 63.Qe7+ Kg6 64.Qe4+ Kf7
65.Qd5+ Kg7 66.Qxc5 Qxa2 67.Qe7+ Kg6 68.Qe8+ Kg7 69.Qd7+ Kg6 70.Qd3+ Kh6
71.Kf5 Qb2 72.Qd6 Qxb3 73.Qxf6+ Kh7 74.Qf7+ Kh8 75.Qh5+ Kg7 76.Qxg5+ Kf7
77.Qf6+ Ke8 78.Qc6+ Ke7 79.Qc7+ Ke8 80.Ke6 Qe3+ 81.Qe5 Qb6+ 82.Kd5+ Kd7 83.Qg7+ Kc8
84.Qf8+ Kd7 85.Qf7+ Kd8 86.g4 a4 87.g5 Qa5+ 88.c5  1-0

[Event "Chigorin Mem"]
[Site "St Petersburg RUS"]
[Date "2000.11.05"]
[Round "5"]
[White "Fominyh,A"]
[Black "Kokarev,D"]
[Result "1-0"]
[WhiteElo "2594"]
[BlackElo "2467"]

1.d4 Nf6 2.Nf3 g6 3.c4 Bg7 4.g3 O-O 5.Bg2 d6 6.O-O Nbd7 7.Qc2 e5 8.Rd1 Re8
9.e4 exd4 10.Nxd4 Nc5 11.Nc3 Qe7 12.f3 c6 13.Be3 a5 14.Bf2 a4 15.Rab1 h5
16.h3 Nfd7 17.f4 Nf6 18.Re1 Qc7 19.b4 axb3 20.axb3 Bh6 21.b4 Ne6 22.Nf3 Bg7
23.Na4 Nf8 24.Nb6 Ra3 25.Nxc8 Rxc8 26.Rb3 Rca8 27.Rxa3 Rxa3 28.Nd4 Qc8 29.Rd1 h4
30.gxh4 Nh5 31.Ne2 Ne6 32.f5 Nef4 33.Nxf4 Nxf4 34.Rxd6 Be5 35.Rd1 Rc3 36.Qd2 Rxc4
37.Be3 Nxg2 38.Qxg2 Kh7 39.Qg5 Qc7 40.h5  1-0

[Event "Chigorin Mem"]
[Site "St Petersburg RUS"]
[Date "2000.11.06"]
[Round "6"]
[White "Shvedov,S"]
[Black "Zhukov,K"]
[Result "1/2-1/2"]
[WhiteElo "2363"]
[BlackElo "2022"]

1.d4 Nf6 2.c4 g6 3.Nf3 Bg7 4.g3 O-O 5.Bg2 d6 6.Nc3 Nbd7 7.O-O e5 8.e4 c6
9.h3 Qb6 10.c5 dxc5 11.dxe5 Ne8 12.e6 fxe6 13.Ng5 Nc7 14.f4 e5 15.f5 h6 16.Nf3 gxf5
17.Nh4 Nf6 18.exf5 c4+ 19.Kh2 Qd4 20.Qe1 Ncd5 21.Bd2 Nb4 22.Be3 Qd8 23.Rd1 Nd3
24.Qe2 Qc7 25.b3 Qa5 26.bxc4 Qxc3 27.Qxd3 Qxd3 28.Rxd3 e4 29.Ra3 a6 30.g4 b5
31.Ng6 Re8 32.cxb5 cxb5 33.Rd1 Bb7 34.Nf4 Rac8 35.Ne6 Rc2 36.Nc5  1/2-1/2

[Event "Chigorin Mem"]
[Site "St Petersburg RUS"]
[Date "2000.11.09"]
[Round "8"]
[White "Slavina,I"]
[Black "Varavin,V"]
[Result "1/2-1/2"]
[WhiteElo "2242"]
[BlackElo "2390"]

1.d4 Nf6 2.Nf3 g6 3.c4 Bg7 4.g3 O-O 5.Bg2 d6 6.O-O Nbd7 7.Qc2 e5 8.Rd1 Re8
9.dxe5 dxe5 10.e4 c6 11.h3 Qe7 12.b3 Nc5 13.Nc3 Bf8 14.b4 Ne6 15.a3 a5 16.Rb1 axb4
17.axb4 c5 18.bxc5 Qxc5 19.Nd5 Nxd5 20.Rxd5 Qc7 21.Nxe5 Bg7 22.Nf3 Bd7 23.Be3 Ba4
24.Qe2 Bc6 25.Bb6 Qe7 26.Rdd1 Nc5 27.Qe3 Na4 28.Bd4 Qxe4 29.Qxe4 Bxe4 30.Ra1 Nc3
31.Rxa8 Rxa8 32.Bxc3 Bxc3 33.Ng5 Bxg2 34.Kxg2 h6 35.Ne4 Bb4 36.Rd7 Rb8 37.Nd6 Bxd6
38.Rxd6 Kf8 39.Rd7 b6 40.Rc7 Kg7 41.Rc6 Rb7 42.c5 bxc5 43.Rxc5  1/2-1/2

[Event "Chigorin Mem"]
[Site "St Petersburg RUS"]
[Date "2000.11.10"]
[Round "9"]
[White "Khatenever,F"]
[Black "Gaponenko,I"]
[Result "1-0"]
[WhiteElo "2125"]
[BlackElo "2375"]

1.d4 Nf6 2.Nf3 g6 3.g3 Bg7 4.c4 O-O 5.Bg2 d6 6.Nc3 c6 7.O-O a6 8.e4 b5 9.e5 Ne8
10.cxb5 cxb5 11.a4 b4 12.Nd5 a5 13.Bg5 Ra7 14.Rc1 Be6 15.Nf4 Bg4 16.Nd3 Bxf3
17.Qxf3 dxe5 18.dxe5 Nd7 19.Qe3 Rc7 20.e6 Ndf6 21.exf7+ Rxf7 22.Ne5 Rf8 23.Qb3+ e6
24.Qxe6+ Kh8 25.Rxc7 Qxc7 26.Rc1 Qa7 27.Be3 Qb8 28.Rc8 Nc7 29.Rxb8 Nxe6 30.Rxf8+ Nxf8
31.Bb6 N8d7 32.Nxd7 Nxd7 33.Bxa5 b3 34.Bb4 Bxb2 35.Bd5 Bd4 36.Bxb3 Nc5 37.Bc2 Kg7
38.Kf1 Kf6 39.Ke2 Ke5 40.f3 Kd5 41.h4 Bf6 42.Bxc5 Kxc5 43.h5 gxh5 44.Bxh7 h4
45.g4 h3 46.Kf2 Be5 47.Bd3 Kd5 48.Bf1 h2 49.Kg2 Ke6 50.a5 Kf6 51.a6 Bb8 52.f4 Ke6
53.Be2 Kd5 54.Bf3+ Ke6 55.Be4 Kf6 56.Kg3 Kg7 57.Kh4 Ba7 58.Kg5 Bd4 59.Kf5 Kf7
60.Bf3  1-0

[Event "Chigorin Mem"]
[Site "St Petersburg RUS"]
[Date "2000.11.10"]
[Round "9"]
[White "Tunik,G"]
[Black "Nikolaev,N"]
[Result "1/2-1/2"]
[WhiteElo "2436"]
[BlackElo "2312"]

1.d4 Nf6 2.c4 g6 3.Nf3 Bg7 4.g3 O-O 5.Bg2 d6 6.O-O Nc6 7.Nc3 a6 8.e4 Bg4
9.Be3 Nd7 10.Qd2 Bxf3 11.Bxf3 e5 12.d5 Nd4 13.Bg2 c5 14.dxc6 bxc6 15.b4 c5
16.Rab1 cxb4 17.Rxb4 a5 18.Rb7 Rc8 19.Nd5 Rxc4 20.Rxd7 Qxd7 21.Nb6 Qc6 22.Nxc4 Qxc4
23.Qxa5 Kh8 24.Kh1 f5 25.Rc1 Qd3 26.exf5 Nxf5 27.Qd2 Qa3 28.Bd5 Nxe3 29.Qxe3 Qxe3
30.fxe3 Bh6 31.Rc3 e4 32.Kg2 Rf3 33.Bxe4 Rxe3 34.Rxe3 Bxe3 35.Kf3 Bg1 36.h3 Kg7
37.Bc2 Kf6 38.Ke4 Bf2 39.g4 Kg5 40.Kf3 Be1 41.Bb3 Kh4 42.Bg8 h5 43.Be6 Bb4
44.a4 Ba5 45.Ke4 Kg3 46.Kd5 h4 47.g5 Bb4 48.Ke4 Bd2 49.Kd5 Bb4 50.Ke4 Bd2
51.Kd5  1/2-1/2

[Event "Tch-AUT 2000-01"]
[Site "Gleisdorf AUT"]
[Date "2000.11.17"]
[Round "3"]
[White "Beckhuis,G"]
[Black "Bezold,M"]
[Result "1/2-1/2"]
[WhiteElo "2320"]
[BlackElo "2510"]

1.d4 g6 2.c4 Bg7 3.Nf3 d6 4.g3 Nf6 5.Bg2 O-O 6.O-O a6 7.Nc3 Nc6 8.d5 Na5
9.Nd2 c5 10.Rb1 Rb8 11.b3 b5 12.Bb2 Bh6 13.Ba1 bxc4 14.bxc4 Bd7 15.Rxb8 Qxb8
16.Ncb1 Qc7 17.e4 Rb8 18.e5 dxe5 19.Qe2 Nb7 20.Re1 Bf5 21.Bxe5 Nd6 22.Bc3 Bf8
23.h3 h5 24.f3 Qd7 25.g4 hxg4 26.fxg4 Bxb1 27.Nxb1 Qa4 28.Be5 Nd7 29.Nc3 Qa5
30.Rf1 Nxe5 31.Qxe5 Bg7 32.Qxe7 Qxc3 33.Qxd6 Qe3+ 34.Kh1 Be5 35.Qe7 Qg3 36.Qxf7+ Kh8
37.Kg1 Qh2+ 38.Kf2 Bg7 39.Re1 Kh7 40.Re7 Rb2+ 41.Ke3 Qg3+ 42.Bf3 Qf2+ 43.Kf4 Qd2+
44.Kg3 Qf2+ 45.Kf4  1/2-1/2

[Event "Tch-AUT 2000-01"]
[Site "Gleisdorf AUT"]
[Date "2000.11.18"]
[Round "4"]
[White "Vogt,L"]
[Black "Polzin,R"]
[Result "1-0"]
[WhiteElo "2478"]
[BlackElo "2465"]

1.Nf3 Nf6 2.c4 g6 3.g3 Bg7 4.d4 O-O 5.Bg2 d6 6.O-O Nbd7 7.Nc3 e5 8.Qc2 Re8
9.b3 c6 10.Bb2 e4 11.Ng5 e3 12.f4 Nf8 13.d5 Bf5 14.Qc1 h6 15.Nf3 cxd5 16.Nd4 dxc4
17.Nxf5 gxf5 18.bxc4 Rc8 19.Nb5 d5 20.c5 Ne6 21.Be5 Bf8 22.Qb2 Ng4 23.Nd6 Bxd6
24.cxd6 Rc5 25.Qxb7 d4 26.Bd5 Qb6 27.Qxb6 axb6 28.Bxe6 Nxe5 29.Bxf5 Nf3+
30.Rxf3 Rxf5 31.d7 Rd8 32.Rd1 Rxd7 33.Rxe3 Ra5 34.Re8+ Kg7 35.Rd2 Ra4 36.Kf2 Rda7
37.Rd8 Rxa2 38.Rxa2 Rxa2 39.Rxd4 Rb2 40.g4 b5 41.h4 b4 42.g5 b3 43.Rd6 h5
44.Rb6 Rb1 45.Ke3 Rh1 46.Ke4 Rh2 47.e3 Rxh4 48.Rxb3 Rh3 49.Rb6 Rh1 50.Rh6 Rh3
51.Kd4 h4 52.e4 Rh1 53.Ke5 h3 54.Kf5 h2 55.e5 Kg8 56.g6 fxg6+ 57.Rxg6+ Kf7
58.Rh6 Kg7 59.Rh3 Kf7 60.Rh4 Kg7 61.e6  1-0

[Event "British Rapidplay"]
[Site "Leeds ENG"]
[Date "2000.11.19"]
[Round "11"]
[White "Ghasi,A"]
[Black "Hebden,M"]
[Result "1-0"]
[WhiteElo "2130"]
[BlackElo "2505"]

1.Nf3 Nf6 2.d4 g6 3.c4 Bg7 4.g3 O-O 5.Bg2 d6 6.O-O Nc6 7.Nc3 a6 8.h3 Re8
9.e4 e5 10.Be3 exd4 11.Nxd4 Bd7 12.Qd2 Qc8 13.Kh2 Re5 14.f3 Rb8 15.Nxc6 bxc6
16.Rad1 c5 17.g4 Bc6 18.g5 Nd7 19.b3 Re8 20.Nd5 Bxd5 21.Qxd5 a5 22.f4 a4
23.Qd3 axb3 24.axb3 Rb6 25.Rb1 Nb8 26.f5 Be5+ 27.Kh1 Nc6 28.h4 Ra6 29.Rbe1 Ra3
30.h5 Na5 31.Rb1 Qb7 32.hxg6 hxg6 33.Qd2 Rxb3 34.Rxb3 Nxb3 35.Qf2 c6 36.f6 Ra8
37.Qh4 Qc8 38.Rf3 Ra1+ 39.Bf1 Nd4 40.Rh3 Rxf1+ 41.Kg2 Bxf6 42.gxf6 Qxh3+
43.Qxh3 Rxf6 44.Bxd4 cxd4 45.Qc8+ Kg7 46.Qxc6 Re6 47.Qd5 Kf8 48.Qxd4 Ke7
49.Kg3 Re5 50.Kf4 Kd7 51.Qa7+ Ke6 52.Qb8 Rc5 53.Qe8+ Kf6 54.Qh8+ Ke7 55.Qd4 Ke6
56.Ke3 Ke7 57.Kd3 Ke6 58.Qa1 Ke7 59.Qa7+ Ke6 60.Qb8 Ke7 61.Qb6 Re5 62.Qc7+ Ke6
63.Kd4 Rc5 64.Qd8 Re5 65.Qe8+ Kf6 66.Qd7 Re6 67.Kd3 g5 68.Kd4 Kg6 69.e5 dxe5+
70.Ke3 e4 71.c5 g4 72.Qd2 f5 73.Qd5 Rf6 74.Kf4 g3 75.Kxg3 f4+ 76.Kf2 e3+
77.Kf3 Rf5 78.Qe6+ Rf6 79.Qe4+ Kg5 80.c6 Rh6 81.Qxf4+ Kg6 82.Qxh6+ Kxh6 83.c7  1-0

[Event "Tenkes Kupa"]
[Site "Harkany HUN"]
[Date "2000.11.20"]
[Round "5"]
[White "Chetverik,M"]
[Black "Tatar Kis,S"]
[Result "0-1"]
[WhiteElo "2315"]
[BlackElo "2376"]

1.d4 Nf6 2.c4 g6 3.Nf3 Bg7 4.g3 O-O 5.Bg2 d6 6.O-O Nbd7 7.Nc3 e5 8.dxe5 dxe5
9.h3 c6 10.Be3 Qe7 11.Qc1 Ne8 12.Rd1 Nd6 13.b3 Nf5 14.Ne4 Nxe3 15.Qxe3 f5
16.Nd6 e4 17.Rac1 Bf6 18.Rc2 Rd8 19.Nxc8 Raxc8 20.Nh2 c5 21.Nf1 Nf8 22.Qc1 Bg5
23.e3 Nd7 24.g4 Bh4 25.f4 exf3 26.Bxf3 fxg4 27.Bxg4 h5 28.Bxd7 Rxd7 29.Rg2 Rc6
30.Rd5 Kh7 31.Qc2 Rxd5 32.cxd5 Rf6 33.Qc4 Be1 34.Re2 Ba5 35.e4 Bc7 36.e5 Bxe5
37.Qe4 Rf5 38.h4 Bd4+ 39.Kg2 Rf2+  0-1

[Event "VI Open"]
[Site "Lisbon POR"]
[Date "2000.11.26"]
[Round "9"]
[White "Lalic,B"]
[Black "Vassallo,M"]
[Result "1/2-1/2"]
[WhiteElo "2520"]
[BlackElo "2431"]

1.d4 Nf6 2.c4 g6 3.Nf3 Bg7 4.g3 O-O 5.Bg2 d6 6.O-O c6 7.Nc3 Bf5 8.b3 Ne4
9.Bb2 Nxc3 10.Bxc3 Be4 11.e3 Nd7 12.Qe2  1/2-1/2

[Event "Belgian Interteams 2000-1"]
[Site "BEL"]
[Date "2000.12.03"]
[Round "4"]
[White "Meulders,R"]
[Black "Goossens,E"]
[Result "1-0"]
[WhiteElo "2260"]
[BlackElo "2192"]

1.d4 Nf6 2.c4 g6 3.g3 Bg7 4.Bg2 O-O 5.Nf3 d6 6.O-O Nbd7 7.Qc2 e5 8.Rd1 exd4
9.Nxd4 Re8 10.Nc3 a6 11.b3 Rb8 12.Ba3 c5 13.Nf3 b5 14.cxb5 axb5 15.Bb2 Qe7
16.e3 Bb7 17.a4 b4 18.Nb5 Be4 19.Qc1 d5 20.Ne1 Bxg2 21.Nxg2 g5 22.Nc7 Rec8
23.Nxd5 Qe6 24.e4 Ne5 25.Bxe5 Qxe5 26.Nxf6+ Bxf6 27.Qc4 Qc3 28.Rac1 Qxc4
29.Rxc4 Rd8 30.Rd5 Rxd5 31.exd5 Bd4 32.Ne3 Kg7 33.Nf5+ Kg6 34.Nxd4 cxd4 35.f4 gxf4
36.gxf4 d3 37.Rd4 Kf5 38.d6 d2 39.d7 Rd8 40.Kf2 d1=Q 41.Rxd1 Kxf4 42.a5  1-0

[Event "Open"]
[Site "Padova ITA"]
[Date "2000.12.04"]
[Round "3"]
[White "Solozhenkin,E"]
[Black "Paragua,M"]
[Result "1/2-1/2"]
[WhiteElo "2504"]
[BlackElo "2423"]

1.d4 Nf6 2.c4 g6 3.g3 Bg7 4.Bg2 O-O 5.Nf3 d6 6.O-O Nbd7 7.Nc3 e5 8.e4 c6
9.Be3 exd4 10.Nxd4 Re8 11.h3 Nc5 12.Qc2 Qe7 13.Rfe1 Bd7 14.f3 Nh5 15.Kh2 a5
16.Rad1 Rad8 17.Qf2 Bc8 18.f4 Qc7 19.Bf3 Nf6 20.Qg2 a4 21.a3 Qa5 22.g4 Qa6
23.Bf2 Ne6 24.Nxe6 Bxe6 25.c5 dxc5 26.Bxc5 Bb3 27.Rxd8 Rxd8 28.g5 Nd7 29.Qd2 Qa8
30.Qf2 Nxc5 31.Qxc5 Rd2+ 32.Re2 Rd3 33.Kg2 Bxc3 34.bxc3 Qf8 35.Qb6 Qxa3 36.Qxb7 Bd1
37.Rf2 Bxf3+ 38.Rxf3 Rxf3 39.Kxf3 Qxc3+ 40.Kg4 c5 41.Qa8+ Kg7 42.Qxa4 c4
43.Qd7 Qb2 44.f5 Qg2+ 45.Kf4 Qf2+ 46.Kg4  1/2-1/2

[Event "Open"]
[Site "Zadar CRO"]
[Date "2000.12.11"]
[Round "3"]
[White "Vaulin,A"]
[Black "Rezan,S"]
[Result "1-0"]
[WhiteElo "2552"]
[BlackElo "2307"]

1.d4 Nf6 2.Nf3 g6 3.g3 Bg7 4.Bg2 O-O 5.c4 d6 6.O-O Nc6 7.Nc3 a6 8.Qd3 Rb8
9.d5 Na7 10.a4 c6 11.e4 Nd7 12.Be3 b6 13.Qc2 c5 14.Rfe1 Qc7 15.Bf1 Bb7 16.Rad1 Rbd8
17.Bf4 Nc8 18.Bh3 Ne5 19.Nxe5 dxe5 20.Be3 Nd6 21.Qd3 a5 22.b3 Bc8 23.Bxc8 Qxc8
24.f3 Qh3 25.Qf1 Qxf1+ 26.Kxf1 h6 27.Kg2 Kh7 28.Bd2 f5 29.exf5 gxf5 30.Nb1 Rf7
31.Bc3 e4 32.Bxg7 Kxg7 33.Nc3 Rdf8 34.fxe4 fxe4 35.Nxe4 Nxe4 36.Rxe4 Rf2+
37.Kh3 Rb2 38.Rxe7+ Rf7 39.Rxf7+ Kxf7 40.Rd3 h5 41.Re3 Kg8 42.g4 hxg4+ 43.Kxg4 Rxh2
44.Kf5 Kf7 45.Re6 Rh3 46.Rxb6 Ke7 47.Rc6 Rxb3 48.Rxc5 Rb4 49.Ke5 Rxa4 50.d6+ Kd8
51.Kd5 Ra1 52.Rb5 Kd7 53.Rb7+ Kc8 54.Kc6  1-0

[Event "TCh-YUG Women"]
[Site "Kragujevac YUG"]
[Date "2000.12.13"]
[Round "3"]
[White "Vasic,M"]
[Black "Stankovic,Ma"]
[Result "1-0"]
[WhiteElo "2115"]
[BlackElo "2239"]

1.d4 Nf6 2.c4 g6 3.Nf3 Bg7 4.g3 O-O 5.Bg2 d6 6.Nc3 c6 7.O-O Qa5 8.e4 e5 9.h3 Nbd7
10.Re1 exd4 11.Nxd4 Ne5 12.Bf1 Re8 13.Be3 Be6 14.Nxe6 Rxe6 15.Kg2 Rae8 16.f3 a6
17.Rc1 b5 18.cxb5 axb5 19.b3 b4 20.Ne2 d5 21.f4 Ned7 22.e5 Ne4 23.Nd4 Qxa2+
24.Re2 Qa8 25.Ra1 Nc3 26.Qe1 Qb8 27.Nxe6 fxe6 28.Rc2 Bf8 29.Ra5 c5 30.Kh2 Rc8
31.Bd2 c4 32.bxc4 dxc4 33.Bxc3 bxc3 34.Qa1 Bb4 35.Ra4 Qb5 36.Ra8 Nb8 37.Qa2 Qd5
38.Bxc4 Rxc4 39.Rxb8+ Kg7 40.Qa7+ Kh6 41.Rh8  1-0

[Event "Czech Extra League 2000-1"]
[Site "CZE"]
[Date "2000.12.17"]
[Round "3"]
[White "Bazant,P"]
[Black "Svatos,J"]
[Result "1/2-1/2"]
[WhiteElo "2329"]
[BlackElo "2307"]

1.Nf3 Nf6 2.g3 g6 3.Bg2 Bg7 4.c4 d6 5.d4 O-O 6.Nc3 Nc6 7.O-O a6 8.d5 Na5
9.Qd3 c5 10.e4 Rb8 11.Bf4 b5 12.b3 bxc4 13.bxc4 Rb4 14.Nd2 Ng4 15.a3 Rb8
16.Rab1 Bd7 17.h3 Ne5 18.Bxe5 Bxe5 19.f4 Bg7 20.Rfe1 Qc7  1/2-1/2

[Event "ch-ISR Women"]
[Site "Ramat-Aviv/Modiin ISR"]
[Date "2000.12.19"]
[Round "3"]
[White "Vovinkina,N"]
[Black "Tsifanskaya,L"]
[Result "0-1"]
[WhiteElo "2090"]
[BlackElo "2206"]

1.d4 Nf6 2.c4 g6 3.Nf3 Bg7 4.g3 O-O 5.Bg2 d6 6.O-O Nc6 7.Nc3 a6 8.e4 Rb8
9.Qe2 Bg4 10.Qd3 Nd7 11.Be3 e5 12.d5 Bxf3 13.Bxf3 Nd4 14.Bg2 c5 15.Rab1 f5
16.f4 Qe7 17.Kh1 exf4 18.gxf4 b5 19.cxb5 axb5 20.Bxd4 cxd4 21.Nxb5 fxe4 22.Qc4 Rfc8
23.Qb4 Nc5 24.a4 e3 25.Qa3 e2 26.Rfe1 d3 27.Bf3 Qe3 28.Kg2 Qxf4 29.b4 Rf8
30.Bxe2 Be5 31.Rh1 Qe4+ 32.Kh3 Rf3+  0-1

[Event "TCh-YUG Women"]
[Site "Kragujevac YUG"]
[Date "2000.12.21"]
[Round "11"]
[White "Kiseleva,N"]
[Black "Gaponenko,I"]
[Result "1-0"]
[WhiteElo "2323"]
[BlackElo "2375"]

1.d4 Nf6 2.c4 g6 3.g3 Bg7 4.Bg2 O-O 5.Nf3 d6 6.O-O Nbd7 7.Nc3 e5 8.e4 exd4
9.Nxd4 a6 10.Re1 Ng4 11.h3 Qf6 12.hxg4 Qxd4 13.Nd5 c6 14.Ne7+ Kh8 15.Bh6 Qxb2
16.Rb1 Qe5 17.Nxc8 Raxc8 18.Bf4 Qe6 19.Qxd6 Ne5 20.Qxe6 fxe6 21.Rxb7 Nxc4
22.Bf1 Ne5 23.Kg2 Nxg4 24.f3 Nf6 25.Bxa6 Rcd8 26.Bc4 Nd7 27.Bc7 Nc5 28.Bxd8 Nxb7
29.Bb6 Nd6 30.Bxe6 Rb8 31.Bc5 Rb2+ 32.Kh3 Nb5 33.Rd1 Bf6 34.Rd7 Rc2 35.Be3 Rc3
36.Bh6 Rxf3 37.Rf7  1-0